000
00350nam a2200157Ia 4500
999
_c
14257
_d
14257
003
OSt
005
20260228121141.0
008
260210s9999 xx 000 0 und d
020
_a
9783037787618
082
_a
741.2 HAR
100
_a
Kenya Hara/
245
0
_a
DRAW: Kenya Hara
260
_b
lars muller club
260
_c
2025
942
_c
UG
_2
ddc